000 00702nam a22002297a 4500
005 20260105110106.0
008 260105b |||||||| |||| 00| 0 eng d
020 _a9789349881211
_cRs. 195.00
040 _aMAIN
082 _a615.11
_bM294T
100 _aMale, Kvlsn Anjana
245 _aTextbook of biochemistry and clinical pathology for diploma in pharmacy students: Course code: ER20-23T
260 _aNew Delhi
_bCBS Publishers and Distributors
_c2026
300 _a124
650 _aClinical Pathology
650 _aBiochemistry
650 _aPharmacology
700 _aGandhi Surendra
700 _aKasula, Ramalingeswara Rao
700 _aNelluri, Kanaka Durga Devi
942 _cBK
999 _c396270
_d396270